Fruits in Turkish - Statistics

General Stats
  • This quiz has been taken 44 times
  • The average score is 14 of 24
Answer Stats
Picture Answer % Correct
Limon
96%
Çilek
88%
Elma
88%
Muz
88%
Ananas
85%
Karpuz
81%
Kiraz
73%
Portakal
73%
Kivi
65%
Nar
65%
Şeftali
62%
Üzüm
62%
Armut
58%
Erik
50%
Hindistan Cevizi
50%
Kavun
50%
Hurma
46%
İncir
42%
Mandalina
38%
Ahududu/Frambuaz
35%
Kayısı
35%
Ayva
27%
Böğürtlen
27%
Yaban Mersini
15%
No matching quizzes found
Score Distribution
Percent of People with Each Score
Percentile by Number Answered
Your Score History
You have not taken this quiz